00289nam a2200121Ia 4500008004100000041000800041082001500049100001000064245002400074260003800098300002400136365000700160240624s9999 xx 000 0 und d aeng a657.45 ICF aICFAI aAUDITING I WORKBOOK c2005aHyderabadbICFAI University a256 : p. : cm. ; 26 cRS